কুরআনের মানচিত্র : (Record no. 12360)
[ view plain ]
| 000 -LEADER | |
|---|---|
| fixed length control field | 01106nam a2200277 a 4500 |
| 001 - CONTROL NUMBER | |
| JCCL Control Number | 12360 |
| 003 - CONTROL NUMBER IDENTIFIER | |
| JCCL marc code | BD-JhCC |
| 005 - DATE AND TIME OF LATEST TRANSACTION | |
| control field | 20220519134021.0 |
| 008 - FIXED-LENGTH DATA ELEMENTS--GENERAL INFORMATION | |
| fixed length control field | 210614s2020 bg |||| |||| 000 0 mul d |
| 020 ## - INTERNATIONAL STANDARD BOOK NUMBER | |
| International Standard Book Number | 9789849446507 |
| 035 ## - SYSTEM CONTROL NUMBER | |
| system control number | (BD-JhCC)12360 |
| 040 ## - CATALOGING SOURCE | |
| Original cataloging agency | BD-JhCC |
| Modifying agency | BD-JhCC |
| 041 ## - LANGUAGE CODE | |
| Language code of Book | Bengla |
| 041 ## - LANGUAGE CODE | |
| Language code of Book | Arabic |
| 082 ## - DEWEY DECIMAL CLASSIFICATION NUMBER | |
| Classification number | 953 |
| Author mark and Year | KHA 2020 |
| 100 ## - MAIN ENTRY--PERSONAL NAME | |
| Personal name | খলিল, ড. শাওকি আবু |
| 245 ## - TITLE STATEMENT | |
| Title | কুরআনের মানচিত্র : |
| Remainder of title | স্থান, জাতি, ঐতিহাসিক স্থান ও জনপদ / |
| Statement of responsibility, etc | ড. শাওকি আবু খলিল, এম রুহুল আমিন (অনু.) |
| 260 ## - PUBLICATION, DISTRIBUTION, ETC. (IMPRINT) | |
| Place of publication, distribution, etc | ঢাকা : |
| Name of publisher, distributor, etc | মুসলিম ভিলেজ, |
| Date of publication, distribution, etc | ২০২০। |
| 300 ## - PHYSICAL DESCRIPTION | |
| Pagination | ২৮০ পৃ. : |
| Other physical details | চিত্রাবলী |
| Dimensions | ২২ সেমি. |
| 504 ## - BIBLIOGRAPHY, ETC. NOTE | |
| Bibliography, etc | গ্রন্থপঞ্জি অর্ন্তভূক্ত। |
| 650 ## - SUBJECT ADDED ENTRY--TOPICAL TERM | |
| Topical term or geographic name as entry element | Qurʼan |
| Geographic subdivision | Geography |
| 650 ## - SUBJECT ADDED ENTRY--TOPICAL TERM | |
| Topical term or geographic name as entry element | Islam |
| Geographic subdivision | Middle East |
| 650 ## - SUBJECT ADDED ENTRY--TOPICAL TERM | |
| Topical term or geographic name as entry element | Arabian Peninsula |
| 700 ## - ADDED ENTRY--PERSONAL NAME | |
| Personal name | আমিন, এম রুহুল |
| 942 ## - ADDED ENTRY ELEMENTS (KOHA) | |
| Source of classification or shelving scheme | Dewey Decimal Classification |
| Koha item type | Books |
| Koha issues (borrowed), all copies | 1 |
| Source of classification or shelving scheme | Damaged status | Not for loan | Home library | Current library | Shelving location | Date of accession | Cost, normal purchase price | Total Checkouts | Full call number | Barcode | Date last seen | Date checked out | Copy number | Koha item type |
|---|---|---|---|---|---|---|---|---|---|---|---|---|---|---|
| Dewey Decimal Classification | JCC Rouf Library | JCC Rouf Library | General Stacks | 06/14/2020 | 406.00 | 4 | 953 KHA 2020 | 16945 | 12/17/2024 | 11/12/2024 | C-1 | Books |